A economia do império brasileiro (Record no. 59086)

MARC details
000 -LÍDER
campo de controle de tamanho fixo 00358 a2200157 4500
001 - NÚMERO DE CONTROLE
campo de controle 59086
020 ## - ISBN - INTERNATIONAL STANDARD BOOK NUMBER
ISBN - International Standard Book Number 8535704434
040 ## - FONTE DA CATALOGAÇÃO
Instituição que transcreveu o registro Anchieta - Pituba
100 ## - ENTRADA PRINCIPAL--NOME PESSOAL
Nome pessoal Libby, Douglas Cole
240 10 - TÍTULO UNIFORME
Título uniforme A economia do império brasileiro
Idioma da obra por
245 10 - TÍTULO
Título A economia do império brasileiro
300 ## - DESCRIÇÃO FÍSICA
Extensão 112
362 0# - DATAS DE PUBLICAÇÃO E/OU DESIGNAÇÃO SEQUENCIAL
Datas de publicação e/ou designação sequencial 2004
650 #4 - ASSUNTO--TERMO TÓPICO
Cabeçalho tópico ou nome geográfico Brasil
942 ## - ELEMENTOS DE ENTRADA ADICIONADOS (KOHA)
Tipo de material Koha Livros
Holdings
Situação do descarte Situação das perdas Situação física Não pode ser emprestado Biblioteca de origem Biblioteca atual Data de aquisição Total de empréstimos Número de chamada completo Código de barras Data de último acesso Data do preço efetivo Tipo de material Koha
        Colégio Anchieta - Pituba Colégio Anchieta - Pituba 21/11/2023   981 G726e GRA ECO 10032/PIT 21/11/2023 21/11/2023 Livros